000 00631nam a2200277Ia 4500
005 20260401122452.0
008 008 250103s9999 xx 000 0 eng d
020 _a9781107479272
037 _aTB
040 _aEDL
040 _beng
040 _cEDL
041 _2eng
041 _aeng
084 _a810.93FRY
084 _qEDL
245 4 _aThe Cambridge companion to the literature of the American west
260 _aCambridge
260 _bCambrideg University Press
260 _c2016
300 _a255p
942 _cTB
942 _h810.93FRY
999 _c1847482
_d1847482